|
|
|
|
| LEADER |
00000naa2a2200000 4500 |
| 001 |
619199 |
| 005 |
20250512141833.0 |
| 035 |
|
|
|a (RuTPU)RU\TPU\conf\17603
|
| 035 |
|
|
|a RU\TPU\conf\17600
|
| 090 |
|
|
|a 619199
|
| 100 |
|
|
|a 20160811d2016 k y0rusy50 ba
|
| 101 |
0 |
|
|a eng
|
| 102 |
|
|
|a RU
|
| 105 |
|
|
|a y z 101zy
|
| 135 |
|
|
|a drgn ---uucaa
|
| 181 |
|
0 |
|a i
|
| 182 |
|
0 |
|a b
|
| 200 |
1 |
|
|a Structure of salt solution in polar dielectric liquids and electrically-induced separation of solvated ions
|f I. V. Shamanin [et al.]
|
| 203 |
|
|
|a Текст
|c электронный
|
| 225 |
1 |
|
|a Физико-химические и изотопные технологии в науке, промышленности и медицине
|
| 300 |
|
|
|a Заглавие с экрана
|
| 320 |
|
|
|a [Библиогр.: с. 120-121 (3 назв.)]
|
| 463 |
|
0 |
|0 (RuTPU)RU\TPU\conf\17455
|t Физико-технические проблемы в науке, промышленности и медицине
|o сборник тезисов докладов VIII Международной научно-практической конференции, г. Томск, 1-3 июня 2016 г.
|f Национальный исследовательский Томский политехнический университет (ТПУ) ; под ред. О. Ю. Долматова [и др.]
|v [С. 120-121]
|d 2016
|
| 610 |
1 |
|
|a труды учёных ТПУ
|
| 610 |
1 |
|
|a электронный ресурс
|
| 610 |
1 |
|
|a солевые растворы
|
| 610 |
1 |
|
|a диэлектрические жидкости
|
| 610 |
1 |
|
|a разделение
|
| 610 |
1 |
|
|a сольватированные ионы
|
| 610 |
1 |
|
|a соли
|
| 610 |
1 |
|
|a растворы
|
| 701 |
|
1 |
|a Shamanin
|b I. V.
|c specialist in the field of nuclear physics
|c Professor of Tomsk Polytechnic University, Doctor of physical and mathematical sciences
|c specialist in the field of nuclear power engineering
|f 1962-
|g Igor Vladimirovich
|3 (RuTPU)RU\TPU\pers\30832
|
| 701 |
|
1 |
|a Kazaryan
|b M. A.
|
| 701 |
|
1 |
|a Gofman
|b V. N.
|c physicist
|c chief project engineer of Tomsk Polytechnic University, candidate of sciences
|f 1978-
|g Valery Nikolaevich
|3 (RuTPU)RU\TPU\pers\37119
|
| 701 |
|
1 |
|a Timchenko
|b S. N.
|c physicist
|c Associate Professor of Tomsk Polytechnic University, Candidate of Technical Sciences
|f 1980-
|g Sergey Nikolaevich
|3 (RuTPU)RU\TPU\pers\34267
|9 17798
|
| 701 |
|
1 |
|a Tuksov
|b I. V.
|
| 712 |
0 |
2 |
|a Национальный исследовательский Томский политехнический университет
|c (2009- )
|9 26305
|
| 801 |
|
2 |
|a RU
|b 63413507
|c 20170110
|g RCR
|
| 850 |
|
|
|a 63413507
|
| 856 |
4 |
|
|u http://earchive.tpu.ru/handle/11683/31241
|
| 942 |
|
|
|c BK
|